| 000 | 00551cam a2200181 4500 | ||
|---|---|---|---|
| 005 | 20251014111735.0 | ||
| 008 | 251014b ag |||||||| |||| 00| 0 spa d | ||
| 020 | _a9505081901 | ||
| 050 | 0 | 4 |
_aKHA263 _bP45 1980 |
| 100 | 1 | _aPelosi, Carlos A. | |
| 245 | 1 | 3 |
_aEl documento notarial _c / Carlos A. Pelosi |
| 250 | _a1a ed. | ||
| 260 |
_aBuenos Aires : _bAstrea de Alfredo y Ricardo Depalma, _c1980 |
||
| 300 |
_axvi, 349 p. ; _c24 cm. |
||
| 650 | 4 |
_aDerecho notarial _xArgentina |
|
| 650 | 7 |
_2lemb _aDocumentos legales _zArgentina |
|
| 942 |
_2lcc _cLIB |
||
| 999 |
_c135779 _d135779 |
||